Music Quiz

Random Music or Artist Quiz

Six-Letter Bands and Musicians Quiz Stats

 Plays Quiz Updated May 28, 2018

Challenge
Share
Tweet
Embed
Score 0/14 Timer 03:00
9 Plays Today
Song Band or Musician % Correct
Hotel CaliforniaEagles
93.7%
Lose YourselfEminem
87.4%
When Doves CryPrince
82.6%
MMMBopHanson
80.4%
The Final CountdownEurope
72.2%
More Than a FeelingBoston
71.2%
Buddy HollyWeezer
68.5%
Song Band or Musician % Correct
Every Rose Has Its ThornPoison
61%
Dust in the WindKansas
59.5%
Take Me to ChurchHozier
49.6%
London BridgeFergie
41.1%
Raining BloodSlayer
27.6%
Always on TimeJa Rule
16.1%
I Wanna Be DownBrandy
9.3%

You're not logged in!

Compare scores with friends on all Sporcle quizzes.
Join for Free
OR
Log In

You Might Also Like...

Show Comments

Extras

Top Quizzes Today


Score Distribution

Your Account Isn't Verified!

In order to create a playlist on Sporcle, you need to verify the email address you used during registration. Go to your Sporcle Settings to finish the process.

Report this User

Report this user for behavior that violates our Community Guidelines.

Details: